20 joueurs du LOSC Lille par images - Statistiques

Statistiques générales
  • Ce quiz a été pris 350 fois
  • Le résultat moyen est 17 sur 20
Statistiques - réponses
Par images Réponse % Correct
Mike Maignan
99%
Eden Hazard
98%
Jonathan David
97%
Adil Rami
96%
Dimitri Payet
96%
Lucas Digne
95%
Benjamin André
93%
Hatem Ben Arfa
92%
Rafael Leão
90%
Victor Osimhen
90%
José Fonte
89%
Nicolas Pépé
88%
Rio Mavuba
88%
Edon Zhegrova
85%
Yohan Cabaye
81%
Gervinho
80%
Florent Balmont
79%
Simon Kjær
65%
Yves Bissouma
36%
Stephan Lichtsteiner
17%
Aucun quiz correspondant
Distribution des résultats
% des personnes avec chaque résultat
Percentile par nombre de réponses
Votre historique - résultats
Vous n’avez pas pris ce quiz